[Event "Andorra"]
[Site "Andorra la Vella AND"]
[Date "2003.07.08"]
[Round "4"]
[White "Krush,I"]
[Black "Delchev,A"]
[Result "1/2-1/2"]
[WhiteElo "2449"]
[BlackElo "2572"]

1.d4 d5 2.c4 c6 3.Nc3 Nf6 4.e3 a6 5.Qc2 e6 6.Nf3 c5 7.cxd5 exd5 8.Be2 Nc6
9.O-O Be6 10.Rd1 cxd4 11.Nxd4 Rc8 12.Nxc6 Rxc6 13.Qd3 Bd6 14.e4 dxe4 15.Nxe4 Nxe4
16.Qxe4 Qc7  1/2-1/2

[Event "Andorra"]
[Site "Andorra la Vella AND"]
[Date "2003.07.12"]
[Round "8"]
[White "Krush,I"]
[Black "Al Sayed,Mohamad"]
[Result "1/2-1/2"]
[WhiteElo "2449"]
[BlackElo "2455"]

1.d4 Nf6 2.c4 g6 3.Nc3 Bg7 4.e4 d6 5.Nf3 O-O 6.Be2 e5 7.O-O Nbd7 8.Be3 c6
9.d5 c5 10.Nd2 Ne8 11.Rb1 f5 12.f3 Bf6 13.b4 Bg5 14.Bf2 cxb4 15.Rxb4 Qa5
16.Rb5 Qd8 17.Rb2 b6 18.a4 Nef6 19.Nb3 Nh5 20.g3 Nhf6 21.exf5 gxf5 22.a5 Nc5
23.Nxc5 bxc5 24.Qa4 Bd7 25.Qa3 f4 26.g4 e4 27.Nxe4 Nxe4 28.fxe4 f3 29.Bxf3 Qf6
30.Bg2 Qe5 31.h3 Rf7 32.Bg3 Qd4+ 33.Kh2 Rxf1 34.Bxf1 Bc1 35.Rb8+ Rxb8 36.Qxc1 Qb2+
37.Qxb2 Rxb2+ 38.Kg1 Ra2 39.Bxd6 Rxa5 40.e5 Bc8 41.e6 Ra1 42.Bxc5 a5 43.Kf2 a4
44.Bg2 Ra2+ 45.Kg3 Rb2 46.Be4 a3 47.Bd4 Rd2 48.Bf6 a2 49.Bf5 Bb7 50.e7 Kf7
51.Bd7 Re2  1/2-1/2

[Event "Andorra"]
[Site "Andorra la Vella AND"]
[Date "2003.07.13"]
[Round "9"]
[White "Avrukh,B"]
[Black "Krush,I"]
[Result "1-0"]
[WhiteElo "2557"]
[BlackElo "2449"]

1.d4 d5 2.c4 c6 3.Nc3 Nf6 4.e3 a6 5.Qc2 e6 6.Nf3 c5 7.a3 cxd4 8.exd4 dxc4
9.Bxc4 Be7 10.Bg5 b5 11.Ba2 Bb7 12.Rd1 O-O 13.Qe2 Nbd7 14.O-O Nb6 15.Bb1 Nbd5
16.Ne4 Nxe4 17.Qxe4 g6 18.Qh4 Nf6 19.d5 Bxd5 20.Ne5 Rc8 21.Rc1 Rxc1 22.Rxc1 h5
23.Rd1 Kg7 24.Nc6 Bxc6 25.Rxd8 Rxd8 26.Bc2 Bd5 27.h3 Rc8 28.Bd3 Bc4 29.Bb1 Rd8
30.Bc2 Bd3 31.Bb3 Rd7 32.Qf4 Bc4 33.Bxc4 bxc4 34.Qxc4 a5 35.g3 Rd5 36.h4 Bd6
37.Bf4 Bxf4 38.Qxf4 Ne8 39.b4 axb4 40.Qxb4 Nc7 41.Qc3+  1-0

[Event "II American Continental"]
[Site "Buenos Aires ARG"]
[Date "2003.08.18"]
[Round "2"]
[White "Krush,I"]
[Black "Ojeda,Her"]
[Result "1-0"]
[WhiteElo "2449"]
[BlackElo "2226"]

1.d4 Nf6 2.c4 g6 3.Nc3 Bg7 4.e4 d6 5.Nf3 O-O 6.Be2 Nbd7 7.O-O e5 8.Be3 c6
9.d5 c5 10.Ne1 Ne8 11.g4 Qe7 12.Kh1 f5 13.gxf5 gxf5 14.exf5 e4 15.Ng2 Rxf5
16.Nf4 Qh4 17.Qd2 Nef6 18.Ne6 Ne5 19.Bg5 Qh3 20.Nf4 Rxf4 21.Qxf4 Nh5 22.Qxe4 Bg4
23.Bxg4 Nxg4 24.Qg2 Qxg2+ 25.Kxg2 Ne5 26.Rac1 Nxc4 27.b3 Ne5 28.Ne4 Nd3 29.Rcd1 Ndf4+
30.Kf3 Rf8 31.Kg4 Be5 32.Be7 Rf7  1-0

[Event "II American Continental"]
[Site "Buenos Aires ARG"]
[Date "2003.08.22"]
[Round "5"]
[White "Aguilar,A"]
[Black "Krush,I"]
[Result "0-1"]
[WhiteElo "2204"]
[BlackElo "2449"]

1.e4 c5 2.Nf3 Nc6 3.d4 cxd4 4.Nxd4 Nf6 5.Nc3 d6 6.Bg5 Qb6 7.Nb3 e6 8.Qd2 Be7
9.O-O-O O-O 10.g4 a6 11.Rg1 Qc7 12.Be3 b5 13.g5 Nd7 14.f4 Nc5 15.Nxc5 dxc5
16.Qf2 Nd4 17.Ne2 Nxe2+ 18.Bxe2 Bb7 19.Bf3 c4 20.Kb1 c3 21.f5 Rfd8 22.Rxd8+ Rxd8
23.g6 fxg6 24.fxg6 Qe5 25.gxh7+ Kh8 26.Qg3 Qxg3 27.hxg3 cxb2 28.Rh1 Bf6 29.g4 Bc3
30.g5 g6 31.Rh4 Rd7 32.Be2 Rxh7 33.Rxh7+ Kxh7 34.Bg4 Bc8 35.Bc5 b4 36.a3 a5
37.axb4 axb4 38.Bd6 Kg7 39.Be2 Bb7 40.Bd3 e5 41.Bc5 Kf7 42.Bc4+ Ke8 43.Bb5+ Kd8
44.Bb6+ Kc8 45.Bd3 Kd7 46.Bc5 Kc7 47.Ba7 Kd6 48.Bb6 Bc6 49.Ba7 Bd7 50.Bb8+ Kc6
51.Ba7 Bg4 52.Be3 Be6 53.Bf2 Bg8 54.Be3 Bf7 55.Bf2 Be6 56.Be3 Kc7 57.Bc5 Kb7
58.Be3 Bd7 59.Bf2 Ba4 60.Be3 b3 61.cxb3 Bxb3 62.Bf2 Kc6 63.Be3 Ba4 64.Bc4 Bb5
65.Bd5+ Kd6 66.Kc2 Bd3+ 67.Kxd3 b1=Q+ 68.Kxc3 Qe1+ 69.Kd3 Qd1+ 70.Kc3 Qe2
71.Bc1 Kc5 72.Ba3+ Kb5 73.Bc1 Qf3+ 74.Kc2 Kc5 75.Bd2 Kd4 76.Bc6 Qd3+ 77.Kd1 Qb3+
78.Ke1 Kd3 79.Bc1 Qc3+  0-1

[Event "II American Continental"]
[Site "Buenos Aires ARG"]
[Date "2003.08.28"]
[Round "10"]
[White "Krush,I"]
[Black "De Dovitiis,A"]
[Result "1/2-1/2"]
[WhiteElo "2449"]
[BlackElo "2401"]

1.d4 Nf6 2.c4 e6 3.Nc3 Bb4 4.Qc2 Nc6 5.Nf3 d6 6.Bg5 Qe7 7.d5 Bxc3+ 8.Qxc3 exd5
9.cxd5 Nxd5 10.Qxg7 Qf8 11.Qxf8+ Rxf8 12.O-O-O Be6 13.e4 Nde7 14.Kb1 f6 15.Bh6 Rg8
16.h3 O-O-O 17.g4 d5 18.Bd3 Nb4 19.e5 Nxd3 20.Rxd3 f5 21.Nd4 Kd7 22.f4 c5
23.Nxe6 Kxe6 24.Bg5 Ng6 25.Bxd8 Rxd8 26.Rf1 Nh4 27.Rf2 d4 28.Ra3 a6 29.Ra5 Kd5
30.b4 Ke4 31.Rxc5 Ke3 32.Rf1 d3 33.e6 Ke2 34.Rh1 Nf3 35.gxf5 Re8 36.Re5+ Nxe5
37.fxe5 d2 38.f6 Rd8 39.e7 d1=Q+ 40.Rxd1 Rxd1+ 41.Kc2 b5  1/2-1/2

[Event "Lindsborg Open"]
[Site "Kansas USA"]
[Date "2003.12.20"]
[Round "4"]
[White "Agrest,E"]
[Black "Krush,I"]
[Result "0-1"]
[WhiteElo "2605"]
[BlackElo "2465"]

1.c4 e5 2.Nc3 Nc6 3.g3 g6 4.Bg2 Bg7 5.e4 d6 6.Nge2 f5 7.d3 Nf6 8.O-O O-O
9.Nd5 Nh5 10.exf5 Bxf5 11.h3 Nf6 12.g4 Be6 13.Ng3 Bxd5 14.cxd5 Nd4 15.Be3 Nd7
16.Rc1 Rc8 17.Kh1 Qh4 18.Kh2 Bh6 19.Rc4 Bf4 20.Bxd4 exd4 21.Rxd4 Be5 22.Re4 Rxf2
23.Re3 Rxf1 24.Qxf1 Rf8 25.Qe1 Bf4 26.d4 Bxe3 27.Qxe3 Nf6 28.Bf3 h6 29.Kg2 Nh7
30.Be4 Ng5 31.Nh1 Re8 32.Nf2 Nxe4 33.Nxe4 Qe7 34.Kf3 Kg7 35.Qd3 Qf7+ 36.Kg3 Qxd5
37.Nd2 Qe6 38.Nf3 Qe3 39.Qb5 Qe4 40.Qa5 Qc2 41.Qb5 Qc6 42.Qd3 Qd5 43.Qc3 Re7
44.a3 Kh7 45.Qc2 Qe4 46.Qb3 c6 47.Kf2 Qe2+ 48.Kg3 Qe3 49.Qd1 Rf7 50.Kg2 b5
51.Qf1 Kg7 52.Qd1 a5 53.Kg3 c5 54.dxc5 dxc5 55.Kg2 c4  0-1

[Event "Lindsborg Open"]
[Site "Kansas USA"]
[Date "2003.12.20"]
[Round "4"]
[White "Agrest,E"]
[Black "Krush,I"]
[Result "0-1"]
[WhiteElo "2605"]
[BlackElo "2465"]

1.c4 e5 2.Nc3 Nc6 3.g3 g6 4.Bg2 Bg7 5.e4 d6 6.Nge2 f5 7.d3 Nf6 8.O-O O-O
9.Nd5 Nh5 10.exf5 Bxf5 11.h3 Nf6 12.g4 Be6 13.Ng3 Bxd5 14.cxd5 Nd4 15.Be3 Nd7
16.Rc1 Rc8 17.Kh1 Qh4 18.Kh2 Bh6 19.Rc4 Bf4 20.Bxd4 exd4 21.Rxd4 Be5 22.Re4 Rxf2
23.Re3 Rxf1 24.Qxf1 Rf8 25.Qe1 Bf4 26.d4 Bxe3 27.Qxe3 Nf6 28.Bf3 h6 29.Kg2 Nh7
30.Be4 Ng5 31.Nh1 Re8 32.Nf2 Nxe4 33.Nxe4 Qe7 34.Kf3 Kg7 35.Qd3 Qf7+ 36.Kg3 Qxd5
37.Nd2 Qe6 38.Nf3 Qe3 39.Qb5 Qe4 40.Qa5 Qc2 41.Qb5 Qc6 42.Qd3 Qd5 43.Qc3 Re7
44.a3 Kh7 45.Qc2 Qe4 46.Qb3 c6 47.Kf2 Qe2+ 48.Kg3 Qe3 49.Qd1 Rf7 50.Kg2 b5
51.Qf1 Kg7 52.Qb1 a5 53.Kg3 c5 54.dxc5 dxc5 55.Kg2 c4  0-1

[Event "Lindsborg Open"]
[Site "Kansas USA"]
[Date "2003.12.21"]
[Round "5"]
[White "Krush,I"]
[Black "Blatny,P"]
[Result "0-1"]
[WhiteElo "2465"]
[BlackElo "2494"]

1.d4 Nf6 2.Nf3 d6 3.c4 g6 4.Nc3 Bf5 5.Nd2 e5 6.d5 Bh6 7.e3 O-O 8.Be2 Qc8
9.h3 a5 10.g4 Bd7 11.Nf3 Bg7 12.e4 Na6 13.Be3 Nc5 14.Qc2 Ne8 15.g5 b6 16.h4 f5
17.h5 fxe4 18.Nxe4 Nxe4 19.Qxe4 Bf5 20.Qh4 c6 21.hxg6 Bxg6 22.Rc1 Ra7 23.Nh2 Raf7
24.Bg4 Bf5 25.Nf3 Rc7 26.g6 hxg6 27.Ng5 Bf6 28.Bf3 c5 29.Kd2 Qd7 30.Rh2 Qg7
31.Bg4 Bxg5 32.Qxg5 Bxg4 33.Qxg4 Rf5 34.Rg1 Nf6 35.Qxg6 Qxg6 36.Rxg6+ Rg7
37.Rxg7+ Kxg7 38.b3 Rh5 39.Rg2+ Kf7 40.Kc2 Rh1 41.Kb2 Re1 42.Bh6 Re2+ 43.Kb1 Ne4
44.Rg7+ Kf6 45.Rb7 Rxf2 46.Rxb6 Kg6 47.Be3 Re2 48.Bxc5 Nxc5 49.Rxd6+ Kf5
50.Rc6 Nd3  0-1

[Event "89th NY Masters"]
[Site "New York USA"]
[Date "2004.01.27"]
[Round "2"]
[White "Krush,I"]
[Black "Izoria,Z"]
[Result "1-0"]
[WhiteElo "2465"]
[BlackElo "2553"]

1.d4 Nf6 2.c4 g6 3.Nc3 Bg7 4.e4 O-O 5.Nf3 d6 6.Be2 e5 7.O-O Na6 8.Be3 Ng4
9.Bg5 Qe8 10.dxe5 dxe5 11.h3 f6 12.Bd2 Nh6 13.c5 c6 14.Bxa6 bxa6 15.Re1 Nf7
16.Na4 Qe7 17.Bc3 Be6 18.Qc2 Rad8 19.b3 Rd7 20.Qe2 a5 21.Qa6 f5 22.Qxc6 f4
23.Qb5 Rb7 24.Qa6 Bc8 25.Qe2 g5 26.Nh2 Qe6 27.Bxa5 Qg6 28.Rac1 h5 29.c6 Rb8
30.c7 Ra8 31.f3 Nh6 32.Qc4+ Be6 33.Qc6 Rac8 34.Nc5 Rf6 35.Nxe6 Rxe6 36.Qd7 Ree8
37.Red1 Qa6 38.b4 Kh7 39.Rc6 Qe2 40.Qd2 Qb5 41.Qc2 Ng8 42.a4 Qb7 43.b5 Nf6
44.Rd8 a6 45.Rxe8 Nxe8 46.Rxa6 Nxc7 47.Rc6 Ne6 48.Rxc8 Qa7+ 49.Kh1 Qxa5 50.Qd1 Nd4
51.Rc4 Bf8 52.Rc8 Bg7 53.Re8 Qb4 54.Rb8 Qb2 55.Rd8 Ne2 56.Rd2 Ng3+ 57.Kg1 Qb4
58.Nf1 Bf8 59.Rd7+ Kh8 60.Nxg3 fxg3 61.Kh1 h4 62.Rd8 Kg7 63.Qd7+ Be7 64.Qd2 Qc4
65.Qd3 Qb4 66.Qd2 Qxa4 67.Rd7 Kf8 68.b6 Qb5 69.Qd1 Qxb6 70.Rd5 Qb2 71.Rd2 Qb4
72.Rc2 Qb5 73.Rc1 Qb2 74.Qc2 Qa3 75.Rd1 Qe3 76.Qb2 Qc5 77.Qb8+ Kf7 78.Qb7 Qc2
79.Qd7 Kf8 80.Qf5+ Ke8 81.Ra1 Qb3  1-0

[Event "1st ACP Women Blitz"]
[Site "playchess.com INT"]
[Date "2004.05.02"]
[Round "3"]
[White "Kachiani,K"]
[Black "Krush,I"]
[Result "0-1"]
[WhiteElo "2439"]
[BlackElo "2465"]

1.d4 Nf6 2.g3 d5 3.Bg2 Bf5 4.Nf3 c6 5.O-O e6 6.Nh4 Bg4 7.h3 Bh5 8.c4 Nbd7
9.Qc2 Bd6 10.b3 Rc8 11.Nc3 Qe7 12.e4 dxe4 13.Nxe4 Nxe4 14.Qxe4 Nf6 15.Qc2 O-O
16.Bb2 Rfd8 17.Rfe1 Ba3 18.Nf5 Qf8 19.Ne3 Bg6 20.Qe2 Bxb2 21.Qxb2 Be4 22.Bxe4 Nxe4
23.Rad1 h6 24.Qc2 Nf6 25.Ng4 Qe7 26.Ne5 Rd6 27.Rd2 Rcd8 28.Red1 Qc7 29.Nf3 Qa5
30.Kg2 Kf8 31.h4 Qh5 32.Ne5 Ng4 33.Nf3 Nf6 34.b4 Qg4 35.a4 Qe4 36.Qc3 b5
37.axb5 cxb5 38.c5 Nd5 39.Qa3 R6d7 40.Re1 Qf5 41.Ne5 Rc7 42.Kg1 Ne7 43.Qe3 Nc6
44.g4 Qf6 45.Nxc6 Rxc6 46.h5 Rd5 47.f3 a6 48.Kg2 Qd8 49.Kg3 Rc7 50.Qf4 Rcd7
51.Re4 Qc7 52.Qxc7 Rxc7 53.Kf4 Ke7 54.Ke3 Rc6 55.Re5 f6 56.Re4 Rc7 57.Kd3 Rcd7
58.f4 f5 59.gxf5 Rxf5 60.Rg2 Kf6 61.Rg6+ Kf7 62.Rgxe6 Rxh5 63.Rxa6 Rh3+ 64.Re3 Rh4
65.c6 Rc7 66.d5 Rh1 67.d6 Rd1+ 68.Ke4 Rxd6 69.Rc3 Ke6 70.f5+ Kf6 71.Rc5 h5
72.Rxb5 Rcxc6 73.Re5 Rc4+ 74.Kf3 Kxe5  0-1

[Event "1st ACP Women Blitz"]
[Site "playchess.com INT"]
[Date "2004.05.02"]
[Round "5"]
[White "Kiseleva,N"]
[Black "Krush,I"]
[Result "1-0"]
[WhiteElo "2344"]
[BlackElo "2465"]

1.d4 d5 2.c4 dxc4 3.Nf3 Nf6 4.e3 e6 5.Bxc4 c5 6.O-O a6 7.Bb3 b5 8.dxc5 Qxd1
9.Rxd1 Bxc5 10.Nc3 Ke7 11.Bd2 Bb7 12.Rac1 Nbd7 13.Be1 Rac8 14.Nd4 Rhd8 15.Nce2 g6
16.Ba5 Re8 17.a4 e5 18.Nc2 Kf8 19.Nb4 Kg7 20.Nc3 bxa4 21.Bxa4 Re7 22.Ncd5 Nxd5
23.Nxd5 Bxd5 24.Rxd5  1-0

[Event "1st ACP Women Blitz"]
[Site "playchess.com INT"]
[Date "2004.05.02"]
[Round "6"]
[White "Pogonina,N"]
[Black "Krush,I"]
[Result "0-1"]
[WhiteElo "2393"]
[BlackElo "2465"]

1.e4 c5 2.Nf3 d6 3.d4 cxd4 4.Nxd4 Nf6 5.Nc3 Nc6 6.Be2 e5 7.Nb3 Be7 8.O-O O-O
9.Be3 Be6 10.Qd2 a5 11.a4 Nb4 12.Rad1 Rc8 13.Bg5 Nxe4 14.Nxe4 Rxc2 15.Bxe7 Qxe7
16.Qe3 Bxb3 17.Qxb3 Rxe2 18.Nc3 Rc2 19.Nd5 Qe6 20.h4 Rc5  0-1

[Event "1st ACP Women Blitz"]
[Site "playchess.com INT"]
[Date "2004.05.02"]
[Round "7"]
[White "Krush,I"]
[Black "Fierro Baquero,M"]
[Result "1-0"]
[WhiteElo "2465"]
[BlackElo "2327"]

1.d4 g6 2.c4 Bg7 3.e4 d6 4.Nf3 Bg4 5.Be2 Nc6 6.Be3 e5 7.d5 Bxf3 8.Bxf3 Nd4
9.Nc3 Ne7 10.g3 c5 11.Bg2 O-O 12.O-O a6 13.f4 f5 14.fxe5 dxe5 15.Qd2 Nc8
16.Bg5 Qd7 17.b3 b5 18.Rae1 Nd6 19.Qd3 Rf7 20.Bh3 Raf8 21.Kg2 Qb7 22.Be3 bxc4
23.bxc4 Qb4 24.exf5 gxf5 25.Rc1 Qxc4 26.Qxc4 Nxc4 27.Bg1 Nd6 28.Na4 c4 29.Nc5 Re7
30.Rfd1 Rb8 31.Be3 Rb2+ 32.Rd2 Rxd2+ 33.Bxd2 e4 34.Be3 a5 35.g4 Ne2 36.Re1 f4
37.Bd2 Bd4 38.Ne6 f3+ 39.Kh1 Bf2 40.Rf1 c3 41.Bg5 Rb7 42.Rxf2 c2 43.Rf1 Rb1
44.Nc5 c1=Q 45.Bxc1 Rxc1 46.Rxc1 Nxc1 47.Kg1 e3 48.Kf1 Nc4 49.g5 Nd3 50.Nxd3 Nd2+
51.Ke1 Ne4 52.d6 Nxd6 53.Bg4 f2+ 54.Ke2 Ne4 55.Bh3 Nxg5 56.Bg2 Kg7 57.Kxe3 Kf6
58.Nxf2 Ne6 59.Ne4+ Ke5 60.Nd2 a4 61.Nf3+ Kd6 62.Nd4 Nc5 63.Be4 h6 64.Nf5+ Ke5
65.Bc2 h5 66.Ng3 h4 67.Nf5 h3 68.Nd4 a3 69.Nb5 Ne6 70.Nxa3 Nd4 71.Nc4+ Kd5
72.Bb3 Kc5 73.Ne5  1-0

[Event "1st ACP Women Blitz"]
[Site "playchess.com INT"]
[Date "2004.05.02"]
[Round "11"]
[White "Krush,I"]
[Black "Ambrosi,E"]
[Result "0-1"]
[WhiteElo "2465"]
[BlackElo "2118"]

1.d4 e6 2.c4 d5 3.Nc3 c6 4.e4 dxe4 5.Nxe4 Bb4+ 6.Bd2 Qxd4 7.Bxb4 Qxe4+ 8.Be2 Na6
9.Bc3 Ne7 10.Nf3 O-O 11.O-O f6 12.Bd3 Qg4 13.Qc2 Ng6 14.h3 Qh5 15.Nd4 Nf4
16.Be4 e5 17.Nf5 Ne2+ 18.Kh2 Bxf5 19.Bxf5 Nxc3 20.Be6+ Kh8 21.Qxc3 Rad8 22.b4 Rd4
23.Kg1 Rfd8 24.Bg4 Qg6 25.a3 f5 26.Be2 Nc7 27.Rae1 Ne6 28.Bd1 Nf4 29.Qg3 Nd3
30.Re2 Qxg3 31.fxg3 e4 32.Rxf5 Nc1 33.Re1 Rxd1 34.Rxd1 Rxd1+ 35.Kf2 Kg8 36.Re5 Nd3+  0-1

[Event "3rd ACP Blitz Prelim5"]
[Site "playchess.com INT"]
[Date "2004.06.04"]
[Round "5"]
[White "Krush,I"]
[Black "Gallegos,Ca"]
[Result "0-1"]
[WhiteElo "2465"]
[BlackElo "2452"]

1.d4 d5 2.c4 c6 3.Nf3 Nf6 4.Nc3 a6 5.a4 e6 6.a5 c5 7.cxd5 exd5 8.Bg5 Be7
9.e3 Nc6 10.Qa4 O-O 11.Be2 Bd7 12.dxc5 Bxc5 13.Qh4 Be6 14.O-O h6 15.Bxf6 Qxf6
16.Qxf6 gxf6 17.Rfd1 Rfd8 18.Nd4 Nxd4 19.exd4 Bb4 20.Ra4 Be7 21.Bf3 Rac8
22.h3 Kf8 23.Re1 f5 24.Re2 Rd7 25.Ra1 Bb4 26.Na4 Rdc7 27.Kh2 Rc1 28.Rxc1 Rxc1
29.Nb6 Bxa5 30.Nxd5 Re1 31.Rxe1 Bxe1 32.Kg3 b5 33.Nc7 Bc8 34.d5 Ke7 35.Na8 Ba5
36.Kf4 Kd6 37.h4 Bd2+ 38.Kg3 Bb7 39.Nb6 Ba5 40.Kf4 Bxb6 41.Kxf5 Bxf2 42.h5 Bxd5
43.Kf6 Bd4+ 44.Kf5 Bxb2  0-1

[Event "3rd ACP Blitz Prelim5"]
[Site "playchess.com INT"]
[Date "2004.06.04"]
[Round "6"]
[White "Dimitrijevic,A"]
[Black "Krush,I"]
[Result "0-1"]
[WhiteElo "2292"]
[BlackElo "2465"]

1.b3 d5 2.Bb2 Nf6 3.e3 c5 4.Nf3 Nc6 5.Be2 Bg4 6.h3 Bh5 7.d3 e6 8.Nbd2 Qc7
9.a3 e5 10.c4 Bg6 11.Rc1 d4 12.exd4 exd4 13.O-O Bd6 14.b4 b6 15.Re1 O-O 16.b5 Ne5
17.Nxe5 Bxe5 18.Nf1 Bf4 19.Rc2 Rfe8 20.Bc1 Bxc1 21.Qxc1 h6 22.Ng3 Re7 23.Bf1 Rae8
24.Rxe7 Rxe7 25.Qd1 Nd7 26.Re2 Qd6 27.a4 Ne5 28.Ne4 Bxe4 29.Rxe4 Ng6 30.Qf3 Rxe4
31.Qxe4 Qe7 32.Qa8+ Kh7 33.Qd5 Kg8 34.Qa8+ Nf8 35.Qd5 g6 36.g3 Nd7 37.Qa8+ Nf8
38.Qd5 Kg7 39.Kg2 Nh7 40.Kg1 Nf6 41.Qa8 h5 42.Qc6 h4 43.g4 Nh7 44.Kg2 Ng5
45.f4 Ne6 46.Qe4 Qf6 47.f5 Ng5 48.Qd5 Qe7 49.fxg6 fxg6 50.Kh2 Qe3 51.Bg2 Qg3+
52.Kh1 Nxh3 53.Qd7+ Kh6 54.Qe7 Nf2+ 55.Kg1 Nxg4 56.Qf8+ Kh5 57.Qh8+ Kg5 58.Qd8+ Nf6
59.Kh1 h3 60.Be4 Qf2 61.Qe7 Kg4 62.Qe6+ Kg3 63.Qe5+ Qf4 64.Qxf4+ Kxf4 65.Bxg6 Ke3
66.Kh2 Ng4+ 67.Kxh3 Nf2+ 68.Kg3 Nxd3 69.Bh7 Nb2 70.a5 bxa5 71.Kg4 Nxc4 72.Kf5 d3
73.Ke6 d2 74.Kd5 d1=Q+ 75.Kxc5 Na3 76.Kc6 Qb3 77.b6 Qxb6+ 78.Kd5 Qd4+ 79.Ke6 Qe4+
80.Bxe4 Kxe4 81.Kd6 Kd4 82.Kc6 Kc4 83.Kb7 a4 84.Kxa7 Nc2 85.Kb6 a3 86.Kc6 a2
87.Kd6 a1=Q 88.Ke6 Qd4 89.Kf5 Qd5+ 90.Kf6 Kd4 91.Ke7 Qe5+ 92.Kf7 Kd5 93.Kg6 Qf4
94.Kg7 Ke6 95.Kg8 Qg4+ 96.Kh7 Qg5 97.Kh8 Kf7 98.Kh7 Qh5+  0-1

[Event "3rd ACP Blitz Prelim5"]
[Site "playchess.com INT"]
[Date "2004.06.04"]
[Round "8"]
[White "Kobalia,M"]
[Black "Krush,I"]
[Result "1-0"]
[WhiteElo "2630"]
[BlackElo "2465"]

1.e4 c5 2.Nf3 d6 3.d4 cxd4 4.Nxd4 Nf6 5.Nc3 Nc6 6.Bg5 e6 7.Qd2 a6 8.O-O-O h6
9.Be3 Nxd4 10.Bxd4 b5 11.Kb1 Be7 12.f4 Bb7 13.Bd3 Qc7 14.Rhe1 b4 15.Na4 d5
16.Nb6 Rd8 17.exd5 Bxd5 18.Nxd5 Rxd5 19.Be5 Qb6 20.f5 O-O 21.fxe6 Qxe6 22.Bxf6 Qxf6
23.Bh7+ Kxh7 24.Qxd5 g6 25.Qe5 Kg7 26.Qxe7  1-0

[Event "3rd ACP Blitz Prelim5"]
[Site "playchess.com INT"]
[Date "2004.06.04"]
[Round "11"]
[White "Krush,I"]
[Black "Pogonina,N"]
[Result "0-1"]
[WhiteElo "2465"]
[BlackElo "2393"]

1.d4 Nf6 2.c4 c5 3.d5 b5 4.cxb5 a6 5.b6 e6 6.Nc3 exd5 7.Nxd5 Nxd5 8.Qxd5 Nc6
9.Nf3 Rb8 10.e4 Be7 11.Bc4 O-O 12.O-O Rxb6 13.Qh5 d6 14.Rd1 Be6 15.Bxe6 fxe6
16.Ng5 Bxg5 17.Bxg5 Qc7 18.b3 Nd4 19.Rd2 e5 20.Be3 a5 21.Rc1 Qf7 22.Qxf7+ Kxf7
23.f3 Ke6 24.Kf2 Rb4 25.Bxd4 exd4 26.Ke2 a4 27.Rc4 Rfb8 28.Rxb4 Rxb4 29.bxa4 Rxa4
30.f4 Ra3 31.Kf2 Re3 32.a4 Ra3 33.Rc2 Rxa4 34.e5 c4 35.exd6 Kxd6 36.Kf3 Kd5
37.Rb2 c3 38.Rb8 c2 39.Rd8+ Kc4 40.Rc8+ Kd3 41.f5 Rc4  0-1

[Event "3rd ACP Blitz Prelim5"]
[Site "playchess.com INT"]
[Date "2004.06.04"]
[Round "14"]
[White "Fridman,D2"]
[Black "Krush,I"]
[Result "0-1"]
[WhiteElo "2594"]
[BlackElo "2465"]

1.d4 d5 2.Nf3 Nf6 3.c4 dxc4 4.Qa4+ c6 5.Qxc4 Bf5 6.g3 Nbd7 7.Bg2 e6 8.O-O Be7
9.Nbd2 O-O 10.Qb3 Nb6 11.e3 a5 12.Ne5 a4 13.Qd1 a3 14.bxa3 Bxa3 15.Bxa3 Rxa3
16.Nb3 Nbd7 17.Nc4 Ra6 18.Nd6 Qa8 19.e4 Bg6 20.f4 Rxa2 21.Rxa2 Qxa2 22.Bf3 Qa3
23.e5 Nd5 24.Bxd5 cxd5 25.f5 exf5 26.Nxb7 Rb8 27.N3a5 Qe3+ 28.Rf2 Rc8 29.Kg2 f4
30.Rxf4 Rc2+ 31.Kh3 Rd2 32.Qh1 Be4 33.Qf1 Bg2+ 34.Qxg2 Rxg2 35.Kxg2 g5 36.Rf2 Qxd4
37.Nc6 Qe4+ 38.Kg1 Nxe5 39.Ne7+ Kf8 40.Nc8 Nf3+ 41.Kf1 Qb1+ 42.Ke2 Qxb7 43.Nd6 Qa6+
44.Kxf3 Qxd6  0-1

[Event "3rd ACP Blitz Prelim5"]
[Site "playchess.com INT"]
[Date "2004.06.04"]
[Round "16"]
[White "Gallegos,Ca"]
[Black "Krush,I"]
[Result "1-0"]
[WhiteElo "2452"]
[BlackElo "2465"]

1.e4 c5 2.Nc3 Nc6 3.f4 g6 4.Nf3 Bg7 5.Bc4 e6 6.O-O Nge7 7.e5 d5 8.exd6 Nf5
9.Ne4 b6 10.Bb5 Bb7 11.Ne5 Nd4 12.d7+ Ke7 13.Bxc6 Nxc6 14.Ng5 f6 15.Ngf7 Qc7
16.d8=Q+ Nxd8 17.Nxd8 Rhxd8 18.Nf3 Qxf4 19.d3 Qd4+ 20.Nxd4 Rxd4 21.Be3 Rd5
22.Qf3 Rad8 23.Rae1 R8d7 24.Qh3 Rh5 25.Qg3 Kf7 26.Bg5 h6 27.Bf4 Rf5 28.Bd2 Rh5
29.Rf4 Rg5 30.Rg4 Rxg4 31.Qxg4 f5 32.Qh4 Rd4 33.Qg3 e5 34.h3 f4 35.Qg4 h5
36.Qe2 Rd7 37.Bc3 Re7 38.d4 cxd4 39.Bxd4 Bf6 40.Qc4+ Kg7 41.Bc3 g5 42.Qa4 g4
43.Qxa7 gxh3 44.Qxb6 hxg2 45.Bxe5 Bxe5 46.Rxe5 Rxe5 47.Qxb7+ Kf6 48.Qc6+ Kf5
49.Qd7+ Ke4 50.Kxg2 f3+ 51.Kf2 Kf4 52.Qf7+  1-0

[Event "3rd ACP Blitz Prelim5"]
[Site "playchess.com INT"]
[Date "2004.06.04"]
[Round "18"]
[White "Socko,B"]
[Black "Krush,I"]
[Result "1-0"]
[WhiteElo "2579"]
[BlackElo "2465"]

1.g3 d5 2.Bg2 c6 3.c4 Nf6 4.cxd5 cxd5 5.Qa4+ Nc6 6.d3 Qa5+ 7.Qxa5 Nxa5 8.Nc3 e6
9.Nf3 Nc6 10.O-O Bd7 11.Bf4 h6 12.Nb5 g5 13.Be3 Kd8 14.Rfc1 Ng4 15.Bd2 a6
16.Nc3 Bd6 17.Na4 Nd4 18.Nxd4 Bxa4 19.b3 Bd7 20.e4 Nf6 21.Bc3 e5 22.Nf3 d4
23.Nxd4 Rc8 24.Nf3 Ba3 25.Bxe5 Ke7 26.Rc4 b5 27.Rxc8 Rxc8 28.Nd4 Ng4 29.Bg7 Rg8
30.Nc2 Bd6 31.Bb2 Rc8 32.Rc1 Ne5 33.Ne1 Rd8 34.d4 Ng6 35.Nd3 Bb8 36.d5 Bc8
37.Rc6 f6 38.Bxf6+  1-0

[Event "3rd ACP Blitz Prelim5"]
[Site "playchess.com INT"]
[Date "2004.06.04"]
[Round "22"]
[White "Pogonina,N"]
[Black "Krush,I"]
[Result "1-0"]
[WhiteElo "2393"]
[BlackElo "2465"]

1.e4 c5 2.Nf3 d6 3.d4 cxd4 4.Nxd4 Nf6 5.Nc3 Nc6 6.Be2 e5 7.Nf3 h6 8.O-O Be7
9.h3 O-O 10.Re1 Be6 11.Bf1 Nb8 12.Nd5 Nxd5 13.exd5 Bf5 14.c4 Nd7 15.Be3 Bg6
16.b4 b6 17.Bd2 f5 18.Bc3 Bf6 19.Bb2 Rc8 20.Rc1 Bh5 21.Qb3 Bxf3 22.Qxf3 e4
23.Qb3 Bxb2 24.Qxb2 Qg5 25.Kh1 Rf6 26.Qd4 Rg6 27.Qe3 Qh4 28.a4 Ne5 29.Rc2 Ng4
30.Qf4 Rf8 31.c5 bxc5 32.bxc5 dxc5 33.d6 Qd8 34.hxg4 Rxg4 35.Qe5 Qh4+ 36.Kg1 Rg5
37.Qe7 Rf6 38.Bc4+ Kh7 39.Qe8 Rh5 40.Bg8+ Kh8 41.Bf7+ Kh7 42.Qg8+  1-0

[Event "ch-USA w"]
[Site "New York USA"]
[Date "2004.06.19"]
[Round "3"]
[White "Krush,I"]
[Black "Zatonskih,A"]
[Result "0-1"]
[WhiteElo "2465"]
[BlackElo "2444"]

1.d4 Nf6 2.c4 e6 3.Nf3 b6 4.g3 Ba6 5.Qb3 Bb7 6.Bg2 c5 7.dxc5 Bxc5 8.O-O O-O
9.Nc3 Qc8 10.Bg5 Ne4 11.Bf4 d5 12.cxd5 Nxc3 13.Qxc3 Bxd5 14.Ng5 h6 15.Ne4 Qc6
16.Bxh6 f6 17.Qd3 f5 18.Qc3 gxh6 19.Nf6+ Rxf6 20.Qxf6 Bxg2 21.Rfd1 Bd5 22.Rac1 Qe8
23.Qxh6 Nc6 24.Qg5+ Kh7 25.b4 Be7 26.Qf4 Qb8 27.Qxb8 Rxb8 28.Rxd5 exd5 29.Rxc6 Bxb4
30.Rc7+ Kg6 31.Rxa7 Bc5 32.Kg2 Rd8 33.h3 d4 34.g4 fxg4 35.hxg4 d3 36.exd3 Rxd3
37.f4 Rd4 38.Kf3 Bd6 39.f5+ Kf6 40.Ra6 Rf4+ 41.Ke2 Bc5 42.a4 Rxg4 43.Ra7 Bb4  0-1

[Event "2nd North Urals Cup"]
[Site "Krasnoturinsk RUS"]
[Date "2004.07.25"]
[Round "2"]
[White "Kursova,M"]
[Black "Krush,I"]
[Result "0-1"]
[WhiteElo "2334"]
[BlackElo "2459"]

1.d4 d5 2.Nf3 Nf6 3.c4 dxc4 4.e3 e6 5.Bxc4 c5 6.O-O a6 7.a4 Nc6 8.Qe2 Qc7
9.Rd1 Bd6 10.dxc5 Bxc5 11.b3 b6 12.Bb2 Bb7 13.Nbd2 O-O 14.Rac1 Rfd8 15.Ng5 Bd6
16.f4 h6 17.Nge4 Nxe4 18.Nxe4 Bf8 19.Ng3 Rxd1+ 20.Rxd1 Na5 21.Bd3 Nxb3 22.Bb1 Nc5
23.Qc2 f5 24.Ba2 Kh8 25.Ba1 Qc6 26.Rd2 Rc8 27.h3 Nxa4 28.Qxc6 Rxc6 29.Rd8 Rc8  0-1

[Event "2nd North Urals Cup"]
[Site "Krasnoturinsk RUS"]
[Date "2004.07.26"]
[Round "3"]
[White "Krush,I"]
[Black "Matveeva,S"]
[Result "1/2-1/2"]
[WhiteElo "2459"]
[BlackElo "2482"]

1.d4 d5 2.c4 dxc4 3.Nf3 e6 4.e3 a6 5.Bxc4 Nf6 6.O-O c5 7.Bb3 b5 8.a4 b4 9.Nbd2 Be7
10.e4 cxd4 11.e5 Nfd7 12.Nc4 Nc6 13.Nxd4 Ncxe5 14.Nxe5 Nxe5 15.Be3 Bf6 16.Qe2 O-O
17.Rfd1 Qe8 18.a5 Bd7 19.Rac1 Ba4 20.Bf4 Ng6 21.Bd6 Be7 22.Bxa4 Qxa4 23.Nc6 Bxd6
24.Rxd6 Nf4 25.Ne7+ Kh8 26.Qc4 Nd5 27.Nxd5 exd5 28.Qxd5 h6 29.h3 b3 30.Rb6 Rad8
31.Qxb3  1/2-1/2

[Event "2nd North Urals Cup"]
[Site "Krasnoturinsk RUS"]
[Date "2004.07.28"]
[Round "5"]
[White "Krush,I"]
[Black "Galliamova,A"]
[Result "1/2-1/2"]
[WhiteElo "2459"]
[BlackElo "2490"]

1.d4 d5 2.c4 c6 3.Nf3 Nf6 4.Nc3 e6 5.Bg5 h6 6.Bh4 Be7 7.e3 O-O 8.Bd3 dxc4
9.Bxc4 Nbd7 10.O-O b5 11.Bd3 a6 12.Rc1 c5 13.Qe2 Bb7 14.Rfd1 b4 15.Na4 cxd4
16.Nxd4 Qa5 17.b3 Rac8 18.Bb1 Rxc1 19.Rxc1 Bd6 20.Bg3 Bxg3 21.hxg3 Qg5 22.Rc7 Ba8
23.Qc2 Be4 24.Qc1 Bxb1 25.Qxb1 Ne5 26.Nf3 Qh5 27.Nxe5 Qxe5 28.Rc5 Qd6 29.Qc2 Rd8
30.Rc8 Ng4 31.Nb2 g6 32.Rxd8+ Qxd8 33.Nc4 Qf6 34.Qb2 Qg5 35.Qd2 Qf5 36.Qe1 Qh5
37.Qxb4 Qh2+ 38.Kf1 Qh1+ 39.Ke2 Qxg2 40.Qb8+ Kg7 41.Qf4 h5 42.Nd6  1/2-1/2

[Event "2nd North Urals Cup"]
[Site "Krasnoturinsk RUS"]
[Date "2004.07.30"]
[Round "7"]
[White "Krush,I"]
[Black "Polovnikova,E"]
[Result "0-1"]
[WhiteElo "2459"]
[BlackElo "2413"]

1.d4 d5 2.c4 c6 3.Nf3 Nf6 4.Nc3 dxc4 5.a4 Bf5 6.e3 e6 7.Bxc4 Nbd7 8.O-O Bb4
9.Qe2 O-O 10.e4 Bg6 11.Bd3 h6 12.Rd1 Qa5 13.h3 a6 14.Bf4 Rfe8 15.Na2 c5 16.Nxb4 Qxb4
17.Bd2 Qb6 18.Bc3 Qc6 19.Re1 c4 20.Bc2 b5 21.a5 Qb7 22.Bb4 Rad8 23.Rad1 Qc7
24.Bb1 Bh7 25.Qe3 Nb8 26.Ne5 Nfd7 27.f4 f6 28.Nxd7 Rxd7 29.e5 Bxb1 30.Rxb1 f5
31.Ra1 Qb7 32.Bd6 Qd5 33.Red1 Nc6 34.Kf2 Rc8 35.Qf3 Ne7 36.Bxe7 Rxe7 37.Qxd5 exd5
38.Rdc1 b4 39.g4 g6 40.Ke3 Kf7 41.Kd2 Ke6 42.Rc2 Rf7 43.Rf1 Rcf8 44.Ke3 g5
45.Rcf2 fxg4 46.f5+ Rxf5 47.Rxf5 Rxf5 48.Rxf5 Kxf5 49.hxg4+ Kg6  0-1